banner-ar

ابحار فى عقول الصفوة المصرية / (Record no. 61197)

MARC details
000 -الفاتح
حقل البيانات ثابتة الطول 01131nam a22003137a 4500
005 - وقت وتاريخ اخر تعامل مع التسجيلة
رقم الضبط 20240530110448.0
008 - عناصر البيانات ثابتة الطول - معلومات عامة
حقل البيانات ثابتة الطول 150502s2011 ua ao f 000 0 ara d
017 ## - رقم الايداع القانونى
رقم الايداع القانونى 2010/21856
المصدر ( الهيئة المختصة) مصر. دار الكتب المصرية
020 ## - الرقم الدولى المعيارى للكتب
الرقم الدولى المعيارى للكتاب 9789774950537
040 ## - مصدر الفهرسة
وكالة الفهرسة الأصلية EG-CaGPL
082 04 - رقم تصنيف ديوى العشرى
رقم الطبعة 21
رقم التصنيف 070.43\
رقم المادة س إ
100 0# - المدخل الرئيسى - إسم شخصى
الإسم الشخصى سامية ابو النصر .
245 10 - بيان العنوان
العنوان ابحار فى عقول الصفوة المصرية /
بيان المسئوليه,etc سامية ابو النصر ؛ تقديم فاروق جويدة .
250 ## - بيان الطبعة
بيان الطبعة ط1.
260 ## - PUBLICATION, DISTRIBUTION, ETC. (IMPRINT)
تاريخ النشر أو التوزيع 2011.
300 ## - الوصف المادى
التعداد 277 ص :
تفاصيل ماديه اخرى للوعاء صور ؛
أبعاد الوعاء 22 سم.
600 0# - المدخل الاضافى بالموضوع-اسم شخصى
الإسم الشخصى احمد زويل.
600 0# - المدخل الاضافى بالموضوع-اسم شخصى
الإسم الشخصى نصر فريد واصل.
600 0# - المدخل الاضافى بالموضوع-اسم شخصى
الإسم الشخصى النبوى اسماعيل.
600 0# - المدخل الاضافى بالموضوع-اسم شخصى
الإسم الشخصى بطرس غالى.
600 0# - المدخل الاضافى بالموضوع-اسم شخصى
الإسم الشخصى مجدى يعقوب.
600 0# - المدخل الاضافى بالموضوع-اسم شخصى
الإسم الشخصى احمد عمر هاشم.
650 04 - المدخل الاضافى بالموضوع-مصطلح موضوعى
مصطلح موضوعي الصحافة
التقسيم الفرعي العام تحرير
650 04 - المدخل الاضافى بالموضوع-مصطلح موضوعى
مصطلح موضوعي المقابلات الصحفية
650 04 - المدخل الاضافى بالموضوع-مصطلح موضوعى
مصطلح موضوعي الصحافة المصرية
700 0# - المدخل الاضافى - اسم شخصى
الإسم الشخصى فاروق جويدة
الدور مقدم
942 ## - عناصر المدخل الإضافي( كوها)
مصدر التصنيف او مخطط الترفيف Dewey Decimal Classification
Koha [default] item type كتاب
260 ## - PUBLICATION, DISTRIBUTION, ETC. (IMPRINT)
-- القاهرة :
-- دار العالم العربى ،
Holdings
حالة التراجع حالة الفقد حالة تلف ليس للاعارة المكان المؤقت الموقع الحالى تاريخ الاكتساب اجمالي اﻻعارات رقم الطلب الباركود تاريخ اخر مشاهدة تاريخ تفعيل السعر نوع وعاء كوها
        مكتبة القاهرة الكبرى مكتبة القاهرة الكبرى 05/02/2015   070.43\ س إ 160429 05/02/2015 05/02/2015 كتاب

Powered By

EGPV